MDQL
is popping MORE tags! Check the
thread
!
Quizzes
Events
Quiz Creation
Community
Videos
Private Events
Remove Ads
Sign In
Join for FREE
Feedback
Dark Mode
Quiz Categories
Sports
Geography
Music
Movies
Television
Just For Fun
Miscellaneous
History
Literature
Language
Science
Gaming
Entertainment
Religion
Holiday
For Kids
Quiz Lab
Recent
Popular Today
Quiz Kudos Today
Editor Picks
Curator Picks
Quizzes by...
Day
Popularity
Type
Ratings
Length
Year
Community
Subscriptions
Recent Discussions
Orange Saloon
Badges
Playlists
Quests
Create
Leaderboards
Showdown
Live 5
Trivia Bingo
Activity
Puzzle Library
Sporcle Events
Private Events
Virtual Trivia
Globe League
Become a Host
Pub Owners
SporcleCon
Opinionation
Our Games
Videos
Blog
Mobile Apps
Partnerships
Remove Ads and Go Orange
Feedback
Just For Fun
Clickable
Get the Picture
Humor
Quick Pick
Word Ladder
Missing Word
Mixed Word
Blitz
Minefield
This or That
Alphabet
Color
Typing
Sporcle
Puzzle
Word Play
Follow That Line
Logic
Just For Fun
Clickable
Get the Picture
Humor
Quick Pick
Word Ladder
Missing Word
Mixed Word
Blitz
Minefield
This or That
Alphabet
Color
Typing
Sporcle
Puzzle
Word Play
Follow That Line
Logic
Random Quiz
Search Sporcle
×
Quiz Lab
Quiz Lab
Just For Fun
Canada
Type in answers that appear in a list
Type in answers that appear in a list
Classic
Best Score? Go Orange.
TTC Subway Stations Stats
Can you name the TTC Subway Stations?
By
Amylou6
6m
69 Questions
104 Plays
104 Plays
104 Plays
Comments
Comments
Give Quiz Kudos
Give Quiz Kudos
-
- Ratings
hide this ad
More Info
Replay
Link that replays current quiz
Next Quiz
Link to next quiz in quiz playlist
You Got
0%
They Got
Avg Score
68%
Avg Friend Score
Upgrade to see
Score Distribution
Jump to the score distribution portion of the page
Score
0/69
Timer
06:00
0
Plays Today
% Correct
Queen
88.5%
Finch
87.5%
Union
86.5%
Dundas
86.5%
King
85.6%
St. George
83.7%
Spadina
82.7%
Kipling
81.7%
Bay
81.7%
Yonge
80.8%
Islington
79.8%
Eglinton
79.8%
St. Patrick
78.8%
Kennedy
76.9%
St. Andrew
76.9%
Jane
76%
Museum
76%
Royal York
75%
Pape
75%
Osgoode
75%
Lawrence
74%
Castle Frank
73.1%
Downsview
73.1%
St. Clair
73.1%
Sheppard
73.1%
Warden
72.1%
Eglinton West
70.2%
College
70.2%
Queen's Park
69.2%
Rosedale
69.2%
Ossington
68.3%
Yorkdale
68.3%
Bathurst
67.3%
Sherbourne
67.3%
Victoria Park
67.3%
% Correct
York Mills
67.3%
Old Mill
66.3%
Keele
66.3%
Dundas West
66.3%
St. Clair West
66.3%
Summerhill
66.3%
Coxwell
65.4%
Davisville
65.4%
Runnymede
64.4%
High Park
64.4%
Dufferin
64.4%
Main
64.4%
Lawrence West
64.4%
North York Centre
64.4%
Don Mills
64.4%
Woodbine
63.5%
Christie
62.5%
Broadview
61.5%
Wellesley
61.5%
Wilson
60.6%
Dupont
60.6%
Leslie
60.6%
Greenwood
59.6%
Donlands
58.7%
McCowan
58.7%
Scarborough Centre
57.7%
Bayview
57.7%
Chester
56.7%
Lawrence East
55.8%
Ellesmere
53.8%
Bessarion
53.8%
Lansdowne
52.9%
Glencairn
52.9%
Midland
52.9%
Quiz Playlist
Details
Report
Send in Message
Add To Playlist
More Info:
Ride the Red Rocket - name the stations on the bloor-danforth, yonge-university-spadina, Sheppard and SRT lines
Classic:
Type in answers that appear in a list
Last Updated: Aug 12, 2017
Quiz Scoreboard
CHALLENGE
Sign Up to Join the Scoreboard
Show All
Scores
Hide
Comments
May contain spoilers
Recently Published
Find the 'City' Movie
by crazypaving
Movies
60s
5x2 Blitz: Bands
by SL_Kpop136
Music
30s
Colored Red Africa Blitz
by spor1
Geography
30s
More to Explore
Quiz From the Vault
Featured Blog Post
14 Easter Pick-up Lines to Find Eggs With
hide this ad
You Might Also Like...
Tags
Canada Quiz
station
Subway
toronto
Toronto Subway
ttc
TTC Subway
Today's Top Quizzes in Just For Fun
Browse Just For Fun
hide this ad
Today's Top Quizzes in Canada
Browse Canada
Top Contributed Quizzes in Just For Fun
1
Avatar the Last Airbender: Logic Puzzle
2
Name Just One - 10 to 1: Just For Fun
3
Missing Word: 2-Letter A-Z II
4
Missing Letter Whitney Houston Songs
5
Survivor Winners Logic Puzzle
6
Shadowhunters Protagonists Logic Quiz
7
Quick 5-Color Logic (18)
8
Medium Renzoku Puzzle 11
9
It's Magic / Witchcraft 🎩🪄🧙♀️
10
Killer Double Trees 224 - Colour Match-Up
Explore More
Trending Topics
Harry Potter
Kpop
Crossword
NBA
Anime
Marvel
Disney
WWE
The Office
Song
Pokémon
NFL
Country
Puzzle
Soccer
hide this ad
More By:
Amylou6
Quiz
Plays
Rating
Category
Featured
Created
TTC Subway Stations
104
5.00
Just For Fun
Dec 17, 2009
Go to Creator's Profile
Score Distribution
Quiz Creator Spotlight
Amylou6
Follow
Send a Message
Quizzes Created
-
Created Quiz Play Count
-
More By This Creator
Popular Quizzes Today
1
Colored Red Africa Blitz
2
Find the 'City' Movie
3
Find the US States - No Outlines Minefield
4
5x2 Blitz: Bands
5
The Countries of the World
6
Find the US States
7
Find the Countries of Europe - No Outlines Minefield
8
US States
More Just For Fun Quizzes
Quick Pick: Independence from Portugal
Published
Trending Quizzes
Colored Red Europe Blitz I
Colored Red Europe Blitz II
Colored Red Africa Blitz II
Colored Red Europe Blitz III
Colored Red Africa Blitz III
Recently Updated
How Do You Spell That?
pecheneg
Godzilla Movies
pecheneg
Grab Bag: 4-10 Letters
pecheneg
2024 March Madness Bracket
pecheneg
Famous TV Couples
Peacemaker
Champions League XIs: Real Madrid
pecheneg
Largest US Cities 1790-2010
pecheneg
Rides in Walt Disney World
pecheneg
Most Oscar Losses (Acting)
pecheneg
Beyoncé Albums
pecheneg
Trending Topics
Disney
Kpop
NBA
Anime
Crossword
Harry Potter
Marvel
Country
Puzzle
Pokémon
The Office
Song
WWE
Soccer
NFL
Your Account Isn't Verified!
In order to create a playlist on Sporcle, you need to verify the email address you used during registration. Go to your
Sporcle Settings
to finish the process.
Report this User
Report this user for behavior that violates our
Community Guidelines
.
Details:
Send Report
Go to the Sporcle.com Mobile Site →
Comments